000 00673nam a2200217 i 4500
001 bg
100 1 _aJones, Leo
_d(1943- ).
245 0 _aInternational business English :
_bcommunication skills in English for business purposes : teacher's book /
_cLeo Jones, Richard Alexander.
260 _aCambridge :
_bCambridge Univ. Press,
_c1992.
300 _aVI, 313 s. ;
_c25 cm.
650 9 _aJęzyk angielski
655 _aPodręczniki akademickie
700 1 _aAlexander, Richard.
020 _a0521369592
040 _cBPK
041 _apol
080 _a811.111(075.8):339.13
920 _a0-521-36959-2
942 _cKS
008 s pl f |000 0 pol
999 _c6512
_d6512